guess the athlete - Statistics

General Stats
  • This quiz has been taken 26 times
  • The average score is 3 of 5
Answer Stats
Picture Answer % Correct
lionel messi
100%
cristiano ronaldo
90%
rafael nadal
80%
lebron james
70%
usain bolt
5%
No matching quizzes found
Score Distribution
Percent of People with Each Score
Percentile by Number Answered
Your Score History
You have not taken this quiz